000
00391nam a22001337a 4500
003
SGT
020
_a
9789386871367
082
_a
080
_b
B18V
100
_a
वर्मा, ओमप्रकाश
245
_a
भगनी निवेदिता और भारतीय नवजागरण
260
_b
विद्या विहार
_c
2018
300
_a
119
942
_2
ddc
_c
BK
999
_c
31620
_d
31620